| 000 | 00530nam a22001697a 4500 | ||
|---|---|---|---|
| 999 |
_c16747 _d16747 |
||
| 008 | 220316b ||||| |||| 00| 0 eng d | ||
| 020 | _a9781260566598 | ||
| 082 |
_22020 _aDC 339 _bC67 |
||
| 100 |
_aColander, David C., author _944778 |
||
| 245 |
_aMacroeconomics/ _cDavid C. Colander |
||
| 250 | _aEleventh edition | ||
| 260 |
_aNew York: _bMc Graw Hill, _c©2020. |
||
| 300 |
_avi, 541 pages: _billustrations; _c25 cm. |
||
| 500 | _aIncludes glossary and index. | ||
| 650 |
_aMacroeconomics---Textbooks _944779 |
||
| 942 |
_2ddc _cDC |
||